9 największych miast w Jordanii - Statystyki

Ogólne statystyki
  • Ten quiz został rozwiązany 25 razy
  • Średni wynik to 3 z 9
Statystyki odpowiedzi
Liczba mieszkańców Nazwa miasta % Poprawnych
1 291 150 Amman
100%
106 800 Akaba
41%
481 300 Az-Zarka
24%
300 300 Irbid
24%
277 300 Ar-Rusajfa
18%
168 800 Al-Kuwajsima
12%
141 000 Chalda wa Tila al-Ali
12%
105 900 Churajbat as-Suk
12%
152 000 Wadi as-Sir
12%
Nie znaleziono quizów pasujących do podanych kryteriów
Rozkład punktacji
Procent ludzi z każdym wynikiem
Percentyl według liczby udzielonych odpowiedzi
Twoja historia wyników
Nie rozwiązałeś tego quizu